01722cam a22003854i 4500003000900000005001700009008004100026020001800067035002700085040003300112082002100145100003100166245009100197264006300288300003800351336002100389337002500410338002300435500005900458505060900517526001001126526001001136526001001146526001001156526000801166526000801174526000801182526000801190526000801198526000801206526000801214541002501222600002901247630006001276PE-LiUPU20250731173326.0150625s r 000 0 d a9780802831620 a(Sirsi) i9780802831620 aPE-LiUPUbspacPE-LiUPUerda04a226.067bB262211 aBauckham, Richard,eautor.10aJesus and the eyewitnesses :bthe gospels as eyewitness testimony /cRichard Bauckham. 1aMichigan :bWilliam B. Eerdmans Publishing Company,c2006. a538 páginas ;c25 centímetros atext2rdacontent aunmediated2rdamedia avolume2rdacarrier a"The gospels as eyewitness testimony", en la cubierta.0 aFrom the Historical Jesus to the Jesus of Testimony. -Papias on the Eyewitnesses. -Names in the Gospel traditions. -Palestinian Jewish names. -The Twelve. -Eyewitnesses "from the Beginning". -The Petrine perspective in the Gospel of Mark. -Anonymous persons in Mark's passion narrative. -Papias on Mark and Matthew. -Models of Oral Tradition. -Transmitting the Jesus traditions. -Anonymous Tradition or Eyewitness Testimony?. -Eyewitness Memory. -The Gospel of Jhon as Eyewitness Testimony. -The witness of the beloved disciple. -Papias on John. -Polycrates and Irenaeus on John. -The Jesus of testimony. aSEG42 aSEG41 aSEG40 aSEG39 aP94 aP87 aP86 aP85 aP77 aP76 aP35 g103-8190058-5681041;1 aJesucristoxHistoricidad aBiblioa.pN.T.pEvangeliosxEvidencias, autoridad, etc.